Obálka Náhled e-knihy:
Epub
Pro půjčování e-knih musíte být přihlášeni.
Jak si půjčit online?

Othello /

Beginning in the streets of Venice, Roderigo and Iago are introduced in the heart of an argument. Iago is frantic as he has been disregarded for promotion and plots to take revenge against his General, Othello. Thus, the manipulation commends as Iago makes Othello believe his wife, Desdemona is disl...

Celý popis

Uloženo v:
Hlavní autor: Shakespeare, William (Autor)
Médium: E-kniha
Jazyk:Czech
Vydáno: Praha : Saga Egmont, 2021
Tagy:
Žádné tagy
LEADER 01850nam a22002297i 4500
001 312252
007 ta
008 260601s2021 xr ||||| |||| 00| 0 cze d
020 |a 9990003954510 
044 |a xr 
100 1 |a  Shakespeare, William  |4 aut 
245 1 0 |a Othello /  |c  Shakespeare, William 
264 1 |a Praha :  |b Saga Egmont,  |c 2021 
300 |a 1 online zdroj (124 stran) 
336 |a text  |b txt  |2 rdacontent 
337 |a bez média  |b n  |2 rdamedia 
338 |a online zdroj  |b cr  |2 rdacarrier 
520 2 |a Beginning in the streets of Venice, Roderigo and Iago are introduced in the heart of an argument. Iago is frantic as he has been disregarded for promotion and plots to take revenge against his General, Othello. Thus, the manipulation commends as Iago makes Othello believe his wife, Desdemona is disloyal. Othello is a courageous fighter, but he is presented as an idealist when it comes to both his love of Desdemona and his friendship with Iago. This ultimately blinds him to Iago's betrayal, stirring the themes of jealousy, justice and appearances vs reality. From this excellent play, there have been many differing views on the character of Othello over the years but this is your chance to pick up the book and decide for yourself, is Othello the greatest hero or the most egotistical?Othello is still widely performed and has inspired numerous adaptations. It has been reimagined in the film 'O' and the book 'New Boy' by Tracy Chevalier amongst others. 
910 |a RBIT002 
998 |d 395451  |a https://core.palmknihy.cz/api/books/395451/cover?sm7tkq  |b https://core.palmknihy.cz/api/books/395451/cover/400?sm7tkq  |c https://core.palmknihy.cz/api/books/395451/cover/50?sm7tkq  |e   |g 124  |i 9990003954510  |j https://core.palmknihy.cz/api/books/395451/preview.epub  |l   |q 49  |r 1  |s https://www.palmknihy.cz/kniha/395451  |t ebook  |y 2021  |z 1 
999 |d 312250